000 00372nam a22001577a 4500
001 BD-DhSAU 4593
003 BD-DhSAU
005 20150224111201.0
008 150224b xxu||||| |||| 00| 0 eng d
040 _aBD-DhSAU
082 _222
_a808.5
_bS3095
100 _aStemp, L F
245 _aSpeeches and toasts /
_cL F Stemp
300 _a192 p. :
_c18 cm.
590 _aerfat
942 _2ddc
_cBOOK
999 _c4593
_d4593